00550nam a22001817a 450000500170000001000250001702000260004203500230006803700130009103700120010408200110011610000230012724500530015026000470020327000720025030000270032250000190034920151120115031.0 aENG-102877 B-453823 a9789350850077c295.00 aEN-86410 B-453823 bDBAD/PUB bRBC/Ven a340.59 aRakesh Kumar Singh aText book on Muslim law /cby Rakesh Kumar Singh aNew DelhibUniversal Law Publishing c2011 aCFF-1A, Dilkhush industrial estate, G.T.Karnal roadb Delhie1100332 axxxv,371p c24cm (pbk) aIncludes index